| 000 | 01467cab a2200241 4500 | ||
|---|---|---|---|
| 001 | ##L135383 | ||
| 008 | 061023n2006 000 0 eng u | ||
| 035 | _a(Sirsi) u135383 | ||
| 041 | 0 | _aeng | |
| 100 | 1 | _aMillar, Jane | |
| 245 | 0 | 0 |
_aForeign labour in the United Kingdom _bcurrent patterns and trends |
| 260 | _c2006 | ||
| 490 | 0 |
_aONS Labour Market Trends _v114(10) October 2006 |
|
| 520 | _aExamines the scale and nature of labour immigration to the UK. Looks at the numbers and types of foreign workers coming through the main official routes and schemes, and provides figures for work permits and first permissions granted by industry for construction and land services (1995, 2000 and 2005) and flows of employed migrants from the skilled construction and building trade (2000-2004). Concludes that the numbers of foreign workers has been increasing and foreign workers have tended to be more skilled than domestic workers. However, this may change with the inflow from new EU states in Eastern Europe. | ||
| 590 | _aIKA311006 | ||
| 650 | 2 | 4 | _aONS LABOUR MARKET TRENDS |
| 651 | 4 |
_aUnited Kingdom _y |
|
| 690 | _aBUILT ENVIRONMENT-CONSTRUCTION MARKET | ||
| 700 | 1 | _aSalt, John | |
| 710 | 2 |
_aOffice for National Statistics _92210 |
|
| 856 | 4 | 0 |
_uhttps://www.ons.gov.uk/ons/search/index.html?pageSize=50&newquery=%22foreign+labour+in+the+united+kingdom%22+current+patterns+and+trends _zView the article free of charge at www.ons.gov.uk... |
| 942 | _n0 | ||
| 999 |
_c77881 _d77881 |
||